000 00309nam a22001337a 4500
008 170203b xxu||||| |||| 00| 0 eng d
020 _a9780866569781
041 _aeng
080 _a61
100 _a3
101 _aSHN
245 _aMENAGING THE DUALLY DIAGNOSED PATIENT
_cDAVID CONNELL
942 _2udc
_cBK
999 _c4441
_d4441